LEADER 00999nam0-22003491i-450- 001 990000781140403321 005 20001010 035 $a000078114 035 $aFED01000078114 035 $a(Aleph)000078114FED01 035 $a000078114 100 $a20001010d--------km-y0itay50------ba 101 0 $aita 105 $ay-------001yy 200 1 $aSpazio fitness$eprogetto$eprogettare e realizzare l'ambiente fitness$fGiuliano Dall'O', Vittoria Fago 210 $aMilano$cBE-MA$d1990 215 $a95 p.$cin gran paerte ill. (anche color.)$d27 cm 225 1 $aFar progetti 610 0 $aBENESSERE$afitness 610 0 $aSALUTE$aginnastica 610 0 $aCASA$aambiente fisico 676 $a613.7 700 1$aDall'Ò,$bGiuliano$0339457 702 1$aFago,$bVittoria 801 0$aIT$bUNINA$gRICA$2UNIMARC 901 $aBK 912 $a990000781140403321 952 $aTECN B 934$b3205/540$fFARBC 959 $aFARBC 996 $aSpazio fitness$9350981 997 $aUNINA DB $aING01 LEADER 01197nam--2200397---450 001 990000935890203316 005 20210719151318.0 010 $a88-85988-49-0 035 $a0093589 035 $aUSA010093589 035 $a(ALEPH)000093589USA01 035 $a0093589 100 $a20020131d1993----km-y0itay0103----ba 101 $aita 102 $aIT 105 $a||||||||001yy 200 1 $aNascita dell'ideologia fascista$fZeev Sternhell, Mario Sznajder, Maia Asheri$gprefazione Marco Revelli$g 210 $aMilano$cBaldini & Castoldi$d1993 215 $aXXI, 404 p.$d25 cm 225 2 $a<> saggi 410 $12001$a<> saggi 410 $12001 454 $12001$aNaissance de l'idéologie fasciste$926416 606 $aFascismo 676 $a320.533 676 $a320.533 700 1$aSTERNHELL,$bZeev$0134287 701 1$aSZNAJDER,$bMario$0134289 701 1$aASHERI,$bMaia$0134288 801 0$aIT$bsalbc$gISBD 912 $a990000935890203316 951 $aX.3.B. 2764(IV C COLL.439 14)$b126275 L.M.$cIV C COLL. 959 $aBK 969 $aUMA 996 $aNaissance de l'idéologie fasciste$926416 997 $aUNISA